000 00350nam a2200133Ia 4500
008 240624s9999 xx 000 0 und d
041 _aeng
082 _a823 CHA
100 _aCHANDRAMOULI ANUJA
245 _aARJUNA SAGA OF A PANDAVA WARRIOR PRINCE
260 _c2013
_aNew Delhi
_bPlatinum Press
300 _a362 : p. : cm. ; 21
365 _cRS
_b30
999 _c26813
_d26813